[Event "GMA2"]
[Site "Marianske Lazne CZE"]
[Date "2008.01.20"]
[Round "2"]
[White "Simacek,P"]
[Black "Smith,Ax"]
[Result "1/2-1/2"]
[WhiteElo "2463"]
[BlackElo "2458"]

1.e4 e6 2.d4 d5 3.Nd2 Be7 4.Bd3 c5 5.dxc5 Nd7 6.exd5 exd5 7.Nb3 Nxc5 8.Be3 Nxd3+
9.Qxd3 Nf6 10.Ne2 O-O 11.O-O Bg4 12.f3 Bh5 13.Nf4 Bg6 14.Nxg6 hxg6 15.Nd4 Re8
16.Rad1 a6 17.g3 Bd6 18.Rfe1 Qa5 19.Qb3 Qc7 20.Kg2 Rac8 21.c3 Re5 22.Nc2 Rce8
23.Bf2 Rxe1 24.Rxe1 Rxe1 25.Nxe1 Bc5 26.Bxc5 Qxc5 27.Qxb7 Qe3 28.Kf1 Qd2
29.Qc8+ Kh7 30.Qh3+ Kg8 31.Qc8+ Kh7 32.Qh3+ Kg8 33.Qg2 Qc1 34.Qc2 Qe3 35.Qd3 Qb6
36.b3 Qd6 37.Nc2 g5 38.Qd4 Qe7 39.Qe3 Qc7 40.Qd4 Qe7 41.Ne3 Qa3 42.Qd2 Qa5
43.Ke2 Qa3 44.Kf2 Kh8 45.Kg2 Qa5 46.Nf5 g4 47.Ne3 gxf3+ 48.Kxf3 Kg8 49.b4 Qb5
50.Qd4 Qc6 51.h4 Qc7 52.Nf5 Kh7 53.Kg2 Qc6 54.Kg1 Qe6 55.Ne3 Kg8 56.Kg2 Qc6
57.g4 Qb5 58.Kf3 Qd7 59.Nf5 Qe6 60.Qe3 Ne4 61.Qd4 Nf6 62.Ne3 Qc8 63.Ke2 Qc6
64.Kf3 Qc8 65.Qe5 Qc6 66.Kf4 Qb5 67.g5 Nh5+ 68.Kf3 Qd3 69.Qxd5 Qxc3 70.Qc5 Qa1
71.Qc8+ Kh7 72.Qf5+ Kg8 73.Qc8+ Kh7 74.Qf5+ Kg8 75.Qc8+ Kh7  1/2-1/2

[Event "115th ch-NZL"]
[Site "Auckland NZL"]
[Date "2008.01.21"]
[Round "9"]
[White "Spain,G"]
[Black "Bennett,H"]
[Result "1-0"]
[WhiteElo "2191"]
[BlackElo "2094"]

1.e4 e6 2.d4 d5 3.Nd2 Nc6 4.Ngf3 Nf6 5.e5 Nd7 6.Bb5 Be7 7.c3 O-O 8.O-O f6
9.exf6 Bxf6 10.Re1 Re8 11.Nf1 e5 12.Qb3 Ndb8 13.dxe5 Bxe5 14.Bg5 Qd6 15.Nxe5 Rxe5
16.Bf4 Rxe1 17.Bxd6 Rxa1 18.Qxd5+ Kh8 19.Qf7  1-0

[Event "6th ch-PriFO Men"]
[Site "Kazan RUS"]
[Date "2008.01.25"]
[Round "3"]
[White "Ospennikov,D"]
[Black "Borisenko,An"]
[Result "0-1"]
[WhiteElo "2217"]
[BlackElo "2420"]

1.e4 e6 2.d4 d5 3.Nd2 a6 4.Ngf3 c5 5.exd5 exd5 6.dxc5 Bxc5 7.Nb3 Bb6 8.Bg5 Nf6
9.Nbd4 O-O 10.Be2 h6 11.Bh4 Nc6 12.O-O Re8 13.Re1 g5 14.Bg3 Ne4 15.Nxc6 bxc6
16.c3 h5 17.Nd4 h4 18.f3 Nxg3 19.hxg3 hxg3 20.Bf1 Be6 21.f4 g4 22.Rxe6 Rxe6
23.Qxg4+ Rg6 24.Qh5 Qf6 25.Rd1 Qxf4 26.Qf3 Qh4 27.Bd3 Re8  0-1

[Event "Open"]
[Site "Marianske Lazne CZE"]
[Date "2008.01.25"]
[Round "8"]
[White "Bae,T"]
[Black "Turner,Ja"]
[Result "0-1"]
[WhiteElo "2386"]
[BlackElo "2347"]

1.e4 e6 2.d4 d5 3.Nd2 Nc6 4.Ngf3 Nf6 5.e5 Nd7 6.Bb5 a6 7.Bxc6 bxc6 8.c4 c5
9.cxd5 exd5 10.O-O Be7 11.Qe2 a5 12.Re1 Ra6 13.Nf1 cxd4 14.Nxd4 O-O 15.Ng3 c5
16.Ndf5 Re8 17.Bf4 Nf8 18.Rad1 d4 19.Ne4 Qd5 20.Nfd6 Bxd6 21.exd6 Re6 22.Qf3 Qc6
23.b3 Qe8 24.Kf1 Qb5+ 25.Qd3 Qxd3+ 26.Rxd3 Rc6 27.Nd2 Rxe1+ 28.Kxe1 Ne6 29.Bg3 f5
30.Be5 a4 31.Nc4 Kf7 32.Kd1 Ra6 33.bxa4 Bd7 34.Nb2 Bxa4+ 35.Kc1 Bc6 36.a3 Bd5
37.Rg3 f4 38.Rh3 h6 39.Rh4 Rxa3 40.Bxf4 g5 41.Rxh6 gxf4 42.d7 Ke7 43.Rh7+ Kd8
44.h4 c4 45.h5 Ra1+  0-1

[Event "FINEC GMA"]
[Site "St Petersburg RUS"]
[Date "2008.01.25"]
[Round "2"]
[White "Sjugirov,S"]
[Black "Gorovykh,E"]
[Result "1/2-1/2"]
[WhiteElo "2491"]
[BlackElo "2402"]

1.e4 e6 2.d4 d5 3.Nd2 Be7 4.Bd3 c5 5.dxc5 Nf6 6.Qe2 O-O 7.Ngf3 a5 8.a4 Nfd7
9.Nb3 Na6 10.exd5 exd5 11.O-O Ndxc5 12.Nxc5 Nxc5 13.Bb5 Bg4 14.Qe3 Rc8 15.h3 Bd7
16.Rd1 Bxb5 17.axb5 Bf6 18.Qa3 Ne4 19.Qb3 Qc7 20.c3 Nc5 21.Qa3 a4 22.Be3 Nb3
23.Ra2 Ra8 24.Qb4 Be7 25.Qf4 Qxf4 26.Bxf4 Rfd8 27.Bc7 Rd7 28.b6 Bf6 29.Nd2 Nc5
30.Nf3 Nb3 31.Nd2  1/2-1/2

[Event "6th Gibtelecom Masters"]
[Site "Gibraltar ENG"]
[Date "2008.01.26"]
[Round "5"]
[White "Rendle,T"]
[Black "Karlsson,L"]
[Result "1/2-1/2"]
[WhiteElo "2393"]
[BlackElo "2488"]

1.d4 e6 2.e4 d5 3.Nd2 a6 4.Ngf3 c5 5.c3 Nf6 6.e5 Nfd7 7.Bd3 Nc6 8.O-O Be7
9.a3 g5 10.b4 cxd4 11.cxd4 g4 12.Ne1 f5 13.exf6 Nxf6 14.Nb3 O-O 15.f3 e5
16.dxe5 Nxe5 17.Bb2 Bd6 18.Qd2 Qe7 19.fxg4 Bxg4 20.h3 Ne4 21.Rxf8+ Rxf8 22.Bxe4 dxe4
23.hxg4 Qh4 24.Bxe5 Bxe5 25.Qd5+ Rf7 26.Qxe5 Qf2+ 27.Kh2 Qh4+ 28.Kg1  1/2-1/2

[Event "6th ch-PriFO Men"]
[Site "Kazan RUS"]
[Date "2008.01.28"]
[Round "6"]
[White "Pavlov,De1"]
[Black "Stepanov,Niki"]
[Result "1-0"]
[WhiteElo "2292"]
[BlackElo "1774"]

1.e4 e6 2.d4 d5 3.Nd2 a6 4.Ngf3 c5 5.c3 Nc6 6.Bd3 Nf6 7.O-O cxd4 8.cxd4 Be7
9.a3 dxe4 10.Nxe4 O-O 11.Nc3 b5 12.Bc2 Bb7 13.Qd3 Re8 14.Re1 Rc8 15.d5 exd5
16.Bg5 g6 17.Rxe7 Qxe7 18.Nxd5 Nxd5 19.Bxe7 Ncxe7 20.Bb3 Nf4 21.Qd2 Bxf3
22.Bxf7+ Kxf7 23.Qxf4+ Nf5 24.Qxf3 Kg7 25.h3 Re7 26.Rd1 Rce8 27.Qc3+ Kg8
28.g4 Ng7 29.Rd6 Re6 30.Rd7 R8e7 31.Rxe7 Rxe7 32.Qc8+ Ne8 33.Qxa6  1-0

[Event "FINEC WGM"]
[Site "St Petersburg RUS"]
[Date "2008.01.29"]
[Round "6"]
[White "Solovjova,V"]
[Black "Kuzevanova,E"]
[Result "1/2-1/2"]
[WhiteElo "2221"]
[BlackElo "2167"]

1.e4 e6 2.d4 d5 3.Nd2 a6 4.Ngf3 c5 5.exd5 exd5 6.dxc5 Bxc5 7.Nb3 Bb6 8.Bd3 Nf6
9.O-O O-O 10.Bg5 h6 11.Bh4 g5 12.Bg3 Ne4 13.Ne5 Nxg3 14.hxg3 Nc6 15.Nxc6 bxc6
16.c4 Qf6 17.Qc2 Be6 18.Rad1 a5 19.c5 Bc7 20.Nd4 Bg4 21.Be2 Bxe2 22.Qxe2 Rfe8
23.Qf3 Be5 24.Qxf6 Bxf6 25.Nxc6 Rec8 26.Nd4 Rxc5 27.Nf5 Bxb2 28.Ne7+ Kg7
29.Nxd5 Rd8 30.Ne3 Rxd1  1/2-1/2

[Event "FINEC GMA"]
[Site "St Petersburg RUS"]
[Date "2008.01.30"]
[Round "7"]
[White "Gorovykh,E"]
[Black "Mihajlovskij,S"]
[Result "1-0"]
[WhiteElo "2402"]
[BlackElo "2466"]

1.e4 e6 2.d4 d5 3.Nd2 Be7 4.Bd3 dxe4 5.Nxe4 Nd7 6.Nf3 Ngf6 7.Nxf6+ Bxf6 8.Qe2 Qe7
9.g4 h6 10.Bf4 c5 11.O-O-O cxd4 12.Rhe1 a6 13.h4 g5 14.hxg5 hxg5 15.Bg3 Nc5
16.Ne5 b5 17.Nc6 Qb7 18.Be5 Qxc6 19.Bxf6 Rh3 20.Bf5 d3 21.Bxd3 Bb7 22.Bf5 Kf8
23.Qd2 Rh6 24.Qxg5  1-0

[Event "6th Gibtelecom Masters"]
[Site "Gibraltar ENG"]
[Date "2008.01.31"]
[Round "10"]
[White "Werner,Di"]
[Black "Berczes,D"]
[Result "1/2-1/2"]
[WhiteElo "2293"]
[BlackElo "2429"]

1.e4 e6 2.d4 d5 3.Nd2 Nc6 4.Ngf3 Nf6 5.e5 Nd7 6.Nb3 Be7 7.Bb5 a5 8.a4 O-O
9.O-O Ncb8 10.Be3 b6 11.Nc1 c6 12.Bd3 Ba6 13.c3 Re8 14.Qd2 Nf8 15.g3 c5 16.Bxa6 Nxa6
17.Nd3 Qd7 18.Bg5 f6 19.exf6 gxf6 20.Bh6 Bd6 21.Bf4 Ng6 22.Bxd6 Qxd6 23.Qh6 Qf8
24.Qh5 Qg7 25.Kh1 Kh8 26.Nh4 Rg8 27.f4 Nxh4 28.Qxh4 c4 29.Ne1 Nc7 30.Nf3 Qg6
31.Rae1 Raf8 32.f5 Qxf5 33.Ne5 Qg5 34.Qxg5 fxg5 35.Nf7+ Kg7 36.Nxg5 Rxf1+
37.Rxf1 Rf8 38.Nf3 b5 39.axb5 Nxb5 40.Kg2 a4 41.Re1 Re8 42.Re3 Nd6 43.Ng5 Kf6
44.Nh3 e5 45.Rf3+ Kg7 46.dxe5 Rxe5 47.Nf4 Nb7 48.Rf2 Nc5 49.Rd2 h6 50.Kf1 Rf5
51.Ke2 Ne4 52.Rxd5 a3 53.Rd7+ Kg8 54.bxa3 Nxc3+ 55.Ke3 Nb5 56.a4 Nc3 57.Rd4 Rc5
58.Rd8+ Kf7 59.Kd4 Nxa4 60.Ra8 c3 61.Nd3 c2 62.Rxa4 c1=Q 63.Nxc1 Rxc1 64.Ke5 Rc5+
65.Kf4 Rb5 66.Ra6 Rb4+ 67.Kf5 Rb5+ 68.Kg4 h5+ 69.Kf4 Rc5 70.Rd6 Ra5 71.Ke4 Ra2
72.h4 Ra3 73.Rd3 Ra4+ 74.Kf5 Ra5+ 75.Kf4 Kf6 76.Rd6+ Kf7 77.Rc6  1/2-1/2

[Event "4th Open C Women"]
[Site "Moscow RUS"]
[Date "2008.02.02"]
[Round "1"]
[White "Bukhteeva,V"]
[Black "Grabuzova,T"]
[Result "0-1"]
[WhiteElo "2065"]
[BlackElo "2392"]

1.e4 e6 2.d4 d5 3.Nd2 a6 4.Ngf3 c5 5.c3 Nc6 6.exd5 exd5 7.dxc5 Bxc5 8.Nb3 Ba7
9.h3 Nf6 10.Bd3 O-O 11.O-O Qd6 12.Bc2 Bxh3 13.gxh3 Qg3+ 14.Kh1 Qxh3+ 15.Nh2 Ne5
16.Bf4 Neg4 17.Nd4 Nxh2 18.Bxh2 Ng4 19.Nf3 Nxf2+ 20.Rxf2 Bxf2 21.Qxd5 Bg3
22.Rg1 Bf4 23.Bf5 Qh6 24.Rg4 Bxh2 25.Rh4 Qc1+ 26.Kxh2 h6 27.Bd3 Qxb2+ 28.Kh3 Qb6
29.Nd4 Rae8 30.Nf5 Qf6 31.Qg2 Kh8 32.Qd2 Re6 33.Bb1 Rd8 34.Qc2 g6 35.Rxh6+ Kg8
36.Qc1 Re2 37.Qf4 Qxc3+ 38.Ng3 Re6 39.Qh4 Rd1 40.Be4 Qf6 41.Qg4 Rd4 42.Rh5 Qf2
43.Bg2 Re3  0-1

[Event "16th FAJR Open"]
[Site "Urmia IRI"]
[Date "2008.02.04"]
[Round "4"]
[White "Mas,H"]
[Black "Grigoryan,Av"]
[Result "0-1"]
[WhiteElo "2382"]
[BlackElo "2509"]

1.e4 e6 2.d4 d5 3.Nd2 Nc6 4.Ngf3 Nf6 5.e5 Nd7 6.c4 dxc4 7.Nxc4 Nb6 8.a3 Bd7
9.Be3 h6 10.Rc1 Nxc4 11.Bxc4 Ne7 12.Qb3 Rb8 13.O-O a6 14.Nd2 Bc6 15.Bd3 Qd7
16.Qc2 Nf5 17.Bxf5 exf5 18.f3 Be7 19.Rfd1 O-O 20.Nf1 h5 21.Ng3 g6 22.Ne2 Rbc8
23.Nf4 Bd5 24.Qf2 Rfe8 25.Rd2 c6 26.Nd3 a5 27.Nc5 Qc7 28.Bf4 g5 29.Bxg5 Bxg5
30.Qg3 f6 31.f4 h4 32.Qf2 Bh6 33.Qxh4 Kh7 34.Qxf6 Rf8 35.Qh4 b6 36.Na4 Rg8
37.Qh5 Rcf8 38.Nc3 Qf7 39.Qh3 Rg4 40.g3 Rfg8 41.Kf2 R8g6 42.Nd1 Kg7 43.Ne3 Bxf4
44.gxf4 Rh6  0-1

[Event "4th Open A"]
[Site "Moscow RUS"]
[Date "2008.02.06"]
[Round "5"]
[White "Oleksienko,M"]
[Black "Naumkin,I"]
[Result "1-0"]
[WhiteElo "2590"]
[BlackElo "2475"]

1.e4 e6 2.d4 d5 3.Nd2 Nc6 4.Ngf3 Nf6 5.e5 Nd7 6.Be2 f6 7.exf6 Qxf6 8.Nf1 Bd6
9.Ne3 b6 10.O-O Bb7 11.c4 Ne7 12.b3 h6 13.Bb2 O-O 14.Rc1 Rad8 15.Rc2 dxc4
16.d5 Qg6 17.Rxc4 Bf4 18.Rxf4 Rxf4 19.dxe6 Qxe6 20.Nd4 Qf7 21.Bc4 Nd5 22.Nxd5 Bxd5
23.Nc6 Bxc4 24.Nxd8 Qe8 25.bxc4 Qxd8 26.Qd5+ Rf7 27.Re1 Qf8 28.Re6 Nc5 29.Ba3 c6
30.Rxc6 Qe8 31.Kf1 Kh8 32.Bxc5 bxc5 33.g3 Rd7 34.Re6 Qf7 35.Qa8+ Kh7 36.Qe4+ g6
37.h4 h5 38.Re5 Kg7 39.Rxc5 Re7 40.Re5 Rc7 41.Re6  1-0

[Event "4th Open A"]
[Site "Moscow RUS"]
[Date "2008.02.07"]
[Round "6"]
[White "Nguyen Viet Tuong"]
[Black "Paveliev,A"]
[Result "1/2-1/2"]
[WhiteElo "2301"]
[BlackElo "2423"]

1.e4 e6 2.d4 d5 3.Nd2 Be7 4.c3 c5 5.e5 Nh6 6.Bd3 Nc6 7.Ne2 Nf5 8.Bxf5 exf5
9.O-O cxd4 10.cxd4 Qb6 11.Nb3 O-O 12.Kh1 a5 13.Nc3 Rd8 14.a4 Nb4 15.Be3 f4
16.Bxf4 Bf5 17.Nb5 Bd3 18.Re1 Bxb5 19.axb5 a4 20.Nc5 Bxc5 21.dxc5 Qxb5 22.e6 fxe6
23.Rxe6 Nd3 24.Bg3 Nxc5 25.Re7 Rd7 26.Rxd7 Qxd7 27.Rc1 b6 28.Be5 d4 29.Rc4 Ne6
30.f4 b5 31.Qf3 bxc4 32.Qxa8+ Kf7 33.f5 Nd8 34.Qa6 Qxf5 35.Bxd4 Qb1+ 36.Bg1 Qc2
37.Qa7+  1/2-1/2

[Event "KNSB TCh-NED 2007-8"]
[Site "Netherlands NED"]
[Date "2008.02.09"]
[Round "6"]
[White "Muhren,B"]
[Black "Wempe,Jo"]
[Result "1-0"]
[WhiteElo "2290"]
[BlackElo "2289"]

1.e4 e6 2.d4 d5 3.Nd2 Be7 4.Bd3 c5 5.dxc5 Nf6 6.Qe2 Qa5 7.c3 Qxc5 8.e5 Nfd7
9.Ngf3 Qc7 10.O-O Nc6 11.Re1 g5 12.Bb5 a6 13.Bxc6 bxc6 14.Nf1 g4 15.Nd4 c5
16.Qxg4 cxd4 17.Qg7 Rf8 18.cxd4 f5 19.Qxh7 Qb6 20.Ng3 Qxd4 21.Qg6+ Rf7 22.Nxf5 exf5
23.e6 Qf6 24.exf7+ Kd8 25.Qxf6 Nxf6 26.Bg5  1-0

[Event "TCh-BEL 2007-8"]
[Site "Belgium BEL"]
[Date "2008.02.10"]
[Round "8"]
[White "Horvath,Ta1"]
[Black "Fiebig,T"]
[Result "1/2-1/2"]
[WhiteElo "2430"]
[BlackElo "2388"]

1.e4 e6 2.d4 d5 3.Nd2 Be7 4.Bd3 c5 5.dxc5 Nf6 6.exd5 Qxd5 7.Ngf3 Qxc5 8.O-O Nbd7
9.Re1 O-O 10.b3 b6 11.Nc4 Qc7 12.Bb2 Bb7 13.Nce5 Rad8 14.Nxd7 Nxd7 15.Ne5 Nxe5
16.Bxe5 Bd6 17.Bxh7+ Kxh7 18.Qh5+ Kg8 19.Bxg7 Kxg7 20.Qg5+ Kh8 21.Qf6+ Kg8  1/2-1/2

[Event "TCh-FIN 2007-8"]
[Site "Finland FIN"]
[Date "2008.02.10"]
[Round "7"]
[White "Kivijarvi,J"]
[Black "Kekki,P"]
[Result "0-1"]
[WhiteElo "2235"]
[BlackElo "2410"]

1.e4 e6 2.d4 d5 3.Nd2 a6 4.Ngf3 c5 5.exd5 exd5 6.dxc5 Bxc5 7.Nb3 Ba7 8.Qe2+ Qe7
9.Bg5 Qxe2+ 10.Bxe2 Nc6 11.c3 Nge7 12.O-O f6 13.Bf4 Kf7 14.Rad1 Re8 15.Rfe1 Bf5
16.Nfd4 Be4 17.Kf1 g5 18.Bd6 Ne5 19.Bh5+ Bg6 20.Bxg6+ N7xg6 21.Nf5 Nc4 22.Bc5 Rxe1+
23.Kxe1 Re8+ 24.Kf1 Bxc5 25.Nxc5 Ne7 26.Nxe7 Rxe7 27.b3 Nb6 28.b4 Rc7 29.a4 Nd7
30.Nxd7 Rxd7 31.Ke2 Ke6 32.Kd3 Rc7 33.Re1+ Kf7 34.Re3 Rc4 35.a5 h5 36.Re2 h4
37.Rb2 Kg6 38.b5 Ra4 39.bxa6 bxa6 40.Re2 Rxa5 41.Kd4 Kf5 42.Re3 Ra2 43.Rf3+ Ke6
44.Re3+ Kd6 45.Rf3 Ra4+ 46.Kd3 Rf4 47.Rh3 Rxf2 48.g3 Rf3+ 49.Kd4 a5 50.c4 dxc4
51.Kxc4 a4 52.Kb4 a3  0-1

[Event "Bundesliga 2007-8"]
[Site "Zehlendorf GER"]
[Date "2008.02.10"]
[Round "9"]
[White "Balogh,C"]
[Black "Berczes,D"]
[Result "1/2-1/2"]
[WhiteElo "2575"]
[BlackElo "2429"]

1.e4 e6 2.d4 d5 3.Nd2 Be7 4.Bd3 c5 5.dxc5 Nf6 6.Qe2 Nc6 7.Ngf3 a5 8.O-O O-O
9.c3 Nd7 10.exd5 exd5 11.Nb3 a4 12.Nbd4 Nxc5 13.Bb5 Na7 14.Bd3 Nc6 15.Be3 Bg4
16.Qc2 Nxd3 17.Qxd3 Bf6 18.Rfe1 Re8 19.Rac1 h6 20.h3 Bh5 21.Nxc6 bxc6 22.Bd4 Qd6
23.Bxf6 Qxf6 24.Qd4 Bxf3 25.Qxf6 gxf6 26.gxf3 Re5 27.Re3 Rb8 28.Rc2 Kh7 29.f4 Rg8+
30.Kh2 Re4 31.Rxe4 dxe4 32.Re2 f5 33.f3 Rb8 34.fxe4 fxe4 35.f5 Kg7 36.Kg3 Kf6
37.Kf4 Rb5 38.Rxe4 Rxf5+ 39.Kg3 Rg5+ 40.Kf3 Rh5 41.Rxa4 Rxh3+ 42.Kg4 Rh2
43.Rb4 h5+ 44.Kf3 Kg5 45.a4 Rh1  1/2-1/2

[Event "Festival des Jeux"]
[Site "Cannes FRA"]
[Date "2008.02.13"]
[Round "4"]
[White "Antal,Ge"]
[Black "Bauer,Ch"]
[Result "0-1"]
[WhiteElo "2467"]
[BlackElo "2614"]

1.e4 e6 2.d4 d5 3.Nd2 Nc6 4.Ngf3 Nf6 5.e5 Nd7 6.Be2 Be7 7.Nf1 f6 8.exf6 Nxf6
9.Ne3 O-O 10.O-O Bd6 11.c4 b6 12.b3 Bb7 13.Bb2 Bf4 14.Rc1 Ne4 15.Bd3 Nb4
16.Bb1 Ng5 17.Ne5 dxc4 18.bxc4 Bxe5 19.dxe5 Nf3+ 20.Kh1 Qh4 21.h3 Rad8 22.Qb3 Nd2
23.Qxb4 Qxh3+ 24.Kg1 Nf3+  0-1

[Event "10th TCh-Euro sen"]
[Site "Dresden GER"]
[Date "2008.02.15"]
[Round "5"]
[White "Wiemer,J"]
[Black "Anderton,D"]
[Result "1/2-1/2"]
[WhiteElo "2091"]
[BlackElo "2251"]

1.e4 e6 2.d4 d5 3.Nd2 Nc6 4.c3 e5 5.dxe5 dxe4 6.Qa4 Qd5 7.Nxe4 Bd7 8.Qc4 Qxc4
9.Bxc4 Nxe5 10.Be2 Bc6 11.f3 O-O-O 12.Nh3 Ne7 13.Nhf2 Nd5 14.Bd2 h6 15.O-O-O f5
16.Ng3 Bc5 17.Nd3 Nxd3+ 18.Bxd3 f4 19.Nf5 g6 20.Nd4 Bxd4 21.cxd4 g5 22.h4 Nf6
23.hxg5 hxg5 24.Rxh8 Rxh8 25.Bf5+ Bd7 26.Bd3 Rh2 27.Rg1 Nh5 28.Be1 c6 29.Kd1 Be6
30.b3 Kd7 31.Kd2 Bh3 32.Bf1 Nf6 33.Kd1 Bf5 34.Bd2 Nh5 35.Be1 b5 36.a4 Be6
37.axb5 Bxb3+ 38.Kd2 Bd5 39.bxc6+ Kxc6 40.Kc3 Ng3 41.Bd3 g4 42.Bxg3 fxg3
43.Be4 gxf3 44.gxf3 g2 45.Kd3 Kd6 46.Ke3 Bc4 47.f4 Bf1 48.Kf2 a5 49.Ke1 a4
50.Kd2 a3 51.Kc2 Rh3 52.Bxg2 Bd3+ 53.Kb3 Rg3 54.Kxa3 Bf1+ 55.Kb4 Bxg2  1/2-1/2

[Event "Masters"]
[Site "Bunratty IRL"]
[Date "2008.02.22"]
[Round "1"]
[White "O'Shea,K"]
[Black "Short,P"]
[Result "0-1"]
[WhiteElo "2035"]
[BlackElo "2300"]

1.e4 e6 2.d4 d5 3.Nd2 Be7 4.Bd3 c5 5.dxc5 Nf6 6.e5 Nfd7 7.f4 Nxc5 8.Bb5+ Nc6
9.Ngf3 O-O 10.Bxc6 bxc6 11.O-O Qb6 12.Kh1 Ba6 13.Re1 Rad8 14.Nb3 Ne4 15.Qd4 c5
16.Qe3 f5 17.exf6 Bxf6 18.Ng5 Bxg5 19.fxg5 Bb7 20.Bd2 d4 21.Qe2 Rf2 22.Qg4 Nxd2
23.Rxe6 Qb5 24.Nxd2 Rxd2  0-1

[Event "XXIV Open"]
[Site "Cappelle La Grande FRA"]
[Date "2008.02.23"]
[Round "9"]
[White "Renet,O"]
[Black "Vitiugov,N"]
[Result "1/2-1/2"]
[WhiteElo "2513"]
[BlackElo "2609"]

1.e4 e6 2.d4 d5 3.Nd2 Be7 4.Bd3 c5 5.dxc5 Nf6 6.Qe2 Nc6 7.Ngf3 Nb4 8.O-O Nxd3
9.cxd3 Bxc5 10.Nb3 Be7 11.Bg5 h6 12.Bh4 a5 13.e5 Ng8 14.Bxe7 Nxe7 15.Rac1 O-O
16.Nbd4 Bd7 17.Qc2 Qb8 18.Qc7 Rd8 19.Qxb8 Raxb8 20.Rc5 b6 21.Rc7 Kf8 22.g3 Ke8
23.Nd2 Rdc8 24.Rfc1 Rxc7 25.Rxc7 Kd8 26.Rc3 g5 27.f4 gxf4 28.gxf4 Ng6 29.Ne2 Ke7
30.Kf2 f6 31.exf6+ Kxf6 32.Nf3 Ke7 33.Ke3 Kd6 34.Rc1 e5 35.fxe5+  1/2-1/2

[Event "XI Open"]
[Site "Malaga ESP"]
[Date "2008.02.24"]
[Round "2"]
[White "Arizmendi Martinez,J"]
[Black "Munoz Moreno,F"]
[Result "1-0"]
[WhiteElo "2506"]
[BlackElo "2253"]

1.e4 e6 2.d4 d5 3.Nd2 Nc6 4.Ngf3 g6 5.c3 Bg7 6.Bd3 Nh6 7.O-O O-O 8.Re1 f6
9.Nf1 Nf7 10.h4 dxe4 11.Bxe4 e5 12.Qb3 exd4 13.Bxc6 bxc6 14.Nxd4 Qd6 15.h5 Kh8
16.hxg6 hxg6 17.Ne6 Re8 18.Ng5 Rxe1 19.Nxf7+ Kh7 20.Nxd6 cxd6 21.Qf7 Be6
22.Qe7  1-0

[Event "3rd l'Ouest Toulousain Open"]
[Site "Colomiers FRA"]
[Date "2008.02.28"]
[Round "5"]
[White "Lacroix,R"]
[Black "Leconte,JO"]
[Result "0-1"]
[WhiteElo "2161"]
[BlackElo "2316"]

1.e4 e6 2.d4 d5 3.Nd2 Nc6 4.c3 e5 5.exd5 Qxd5 6.Ngf3 exd4 7.Bc4 Qh5 8.cxd4 Be6
9.Bxe6 fxe6 10.Qb3 O-O-O 11.Qxe6+ Kb8 12.O-O Bd6 13.h3 Nf6 14.Ne4 Rhf8 15.Nxf6 Rxf6
16.Qg4 Qd5 17.Ng5 Rg6 18.h4 h6 19.Qf3 Qxd4 20.Qe4 hxg5 21.Qxg6 Qxh4 22.Re1 Bh2+
23.Kh1 Bg3+ 24.Kg1 Bxf2+ 25.Kf1 Bxe1 26.Be3 Bg3  0-1

[Event "3rd l'Ouest Toulousain Open"]
[Site "Colomiers FRA"]
[Date "2008.02.28"]
[Round "6"]
[White "Marholev,D"]
[Black "Leconte,M"]
[Result "1-0"]
[WhiteElo "2401"]
[BlackElo "2345"]

1.e4 e6 2.d4 d5 3.Nd2 Nc6 4.Ngf3 Nf6 5.e5 Nd7 6.Bb5 a6 7.Ba4 b5 8.Bb3 f6
9.exf6 Qxf6 10.c3 Bd6 11.Nf1 O-O 12.Ne3 Ne7 13.O-O c6 14.Bc2 Nf5 15.Ng4 Qd8
16.Re1 Nf6 17.Bg5 Qc7 18.h3 Bd7 19.Nge5 Be8 20.Bf4 c5 21.Ng5 Qc8 22.dxc5 Bxc5
23.Nd3 Ne4 24.Rxe4 Bxf2+ 25.Nxf2 dxe4 26.Bb3 Bd7 27.Nfxe4 h6 28.Qxd7 Qxd7
29.Bxe6+ Rf7 30.Bxd7 hxg5 31.Be6 gxf4 32.Ng5 Nh6 33.Rf1 Re8 34.Bb3  1-0

[Event "25th Festival Open A"]
[Site "Bled SLO"]
[Date "2008.03.01"]
[Round "9"]
[White "Pavasovic,D"]
[Black "Praznik,N"]
[Result "1-0"]
[WhiteElo "2601"]
[BlackElo "2369"]

1.e4 e6 2.d4 d5 3.Nd2 Nc6 4.c3 dxe4 5.Nxe4 Qd5 6.Bd3 e5 7.Qe2 Be6 8.Nf3 exd4
9.O-O O-O-O 10.Nxd4 Nxd4 11.cxd4 Nf6 12.Bf4 Be7 13.Rfc1 Rd7 14.Be5 Rhd8 15.Nc3 Qa5
16.a3 a6 17.b4 Qb6 18.Na4 Qa7 19.b5 b6 20.bxa6 Bd6 21.Nc3 Ne8 22.Nb5 Qa8
23.Be4 Bd5 24.Bxd5 Qxd5 25.Na7+ Kb8 26.Nc6+ Ka8 27.Bxd6 Qxd6 28.Nxd8 Rxd8
29.a4  1-0

[Event "TCh-HUN 2007-8"]
[Site "Budapest HUN"]
[Date "2008.03.02"]
[Round "7"]
[White "Lakos,N"]
[Black "Rudolf,An"]
[Result "0-1"]
[WhiteElo "2317"]
[BlackElo "2273"]

1.e4 e6 2.d4 d5 3.Nd2 Be7 4.c3 c5 5.dxc5 Bxc5 6.Nb3 Bb6 7.exd5 exd5 8.Bb5+ Nc6
9.Qe2+ Ne7 10.Bg5 f6 11.Be3 O-O 12.Bxb6 Qxb6 13.Bxc6 Nxc6 14.O-O-O Bf5 15.Nd4 Nxd4
16.Rxd4 Rfe8 17.Qd1 Rac8 18.Ne2 Qa6 19.Kd2 Qxa2 20.Qa1 Qb3 21.Rc1 Qb5 22.Nf4 g5
23.Rxd5 Qc4 24.Rxf5 gxf4 25.Re1 Rcd8+ 26.Kc2 Qd3+  0-1

[Event "58th ch-RUS w 1st liga"]
[Site "Smolensk RUS"]
[Date "2008.03.02"]
[Round "5"]
[White "Yakupova,A"]
[Black "Mokhna,N"]
[Result "1-0"]
[WhiteElo "2003"]
[BlackElo "2183"]

1.e4 e6 2.d4 d5 3.Nd2 a6 4.Ngf3 c5 5.dxc5 Bxc5 6.Bd3 Nf6 7.O-O O-O 8.e5 Nfd7
9.Nb3 Be7 10.c3 Nc6 11.Re1 f6 12.exf6 Nxf6 13.Nbd4 Nxd4 14.cxd4 Bd6 15.Bg5 Qe8
16.Ne5 Qh5 17.Qxh5 Nxh5 18.g3 Bxe5 19.Rxe5 Nf6 20.Rc1 Ng4 21.Re2 Rf7 22.Bf4 Nf6
23.Rec2 Bd7 24.Bf1 Bc6 25.Re1 Re8 26.b3 Ne4 27.Bxa6 Nxf2 28.Kxf2 g5 29.Ke3 gxf4+
30.gxf4 Ref8 31.Rf1 Kg7 32.Bd3 Kf6 33.Rcf2 h6 34.f5 e5 35.dxe5+ Kxe5 36.Rf4 Rf6
37.a4 Bd7 38.a5 Rc8 39.Rb4 Rc7 40.Rf2 Bc8 41.Rc2 Rxc2 42.Bxc2 Rc6 43.Bd3 Rc5
44.Ra4 Rc3 45.Kd2 Rxb3 46.Kc2 Rxd3 47.Kxd3 Bxf5+ 48.Ke3 h5 49.Rh4 Bg4 50.h3 d4+
51.Kd2 Bf3 52.Kd3 Kf5 53.Rxd4 Bg2 54.h4 Ke5 55.Kc4 Bc6 56.Kc5 Bf3 57.Rb4 Bg2
58.Kb6 Kf5 59.Kc7  1-0

[Event "Cvijet Mediterana"]
[Site "Rijeka CRO"]
[Date "2008.03.04"]
[Round "6"]
[White "Voicu,C"]
[Black "Vojinovic,J"]
[Result "1-0"]
[WhiteElo "2290"]
[BlackElo "2207"]

1.e4 e6 2.d4 d5 3.Nd2 Be7 4.Ngf3 Nf6 5.Bd3 c5 6.dxc5 dxe4 7.Nxe4 Nxe4 8.Bxe4 Qxd1+
9.Kxd1 Bxc5 10.Ke2 Nd7 11.a3 Bd6 12.Rd1 Ke7 13.c4 Nc5 14.Bc2 a5 15.Ng5 Bd7
16.Rxd6 f6 17.Rd1 fxg5 18.Bxg5+ Ke8 19.b4 Na4 20.Rxd7 Nc3+ 21.Kd3 Kxd7 22.Kxc3 axb4+
23.Kxb4 h6 24.Rd1+ Kc8 25.Be7 Ra6 26.c5 Kb8 27.Be4 Kc8 28.a4 g5 29.Kb5 Ra7
30.Bd6 Rg8 31.g4 Re8 32.Be5 Re7 33.Rd6 Rf7 34.Rxe6 Rxf2 35.Bf5 Kd8 36.Bf6+ Kd7
37.Re7+  1-0

[Event "10th WCh-University w"]
[Site "Novokuznetsk RUS"]
[Date "2008.03.06"]
[Round "4"]
[White "Mongontuul,B"]
[Black "Bensdorp,M"]
[Result "1/2-1/2"]
[WhiteElo "2389"]
[BlackElo "2259"]

1.e4 e6 2.d4 d5 3.Nd2 a6 4.Ngf3 c5 5.exd5 exd5 6.dxc5 Bxc5 7.Nb3 Bb6 8.Bd3 Nf6
9.O-O O-O 10.Bg5 Bg4 11.c3 Nc6 12.Be2 Re8 13.Nfd4 Bxe2 14.Nxe2 Qd6 15.Bf4 Qd7
16.Ned4 Nxd4 17.Nxd4 Re4 18.Bg5 Bxd4 19.cxd4 Qf5 20.f3 Re6 21.Bh4 Rb6 22.Rf2 Rc8
23.Re2 Rbc6 24.Qe1 Qf4 25.Bxf6 gxf6 26.Qg3+ Qxg3 27.hxg3 Rc2 28.Rae1 R8c4
29.b3 Rxe2 30.Rxe2 Rxd4 31.Re8+ Kg7 32.Rb8 Rb4 33.Kf2 a5 34.Ke3 a4 35.bxa4 Rxa4
36.Rxb7 Rxa2 37.Rd7 Rxg2 38.g4 f5 39.gxf5 Kf6 40.Rxd5 h5 41.f4 Rg3+ 42.Kf2 h4
43.Ra5 Rg8 44.Kf3 Rg3+ 45.Kf2 Rg8 46.Kf3 h3 47.Ra6+ Kxf5 48.Rh6 Ra8 49.Rh5+ Kg6
50.Rxh3 Ra3+ 51.Kg2 Ra2+ 52.Kg3 Ra3+ 53.Kg2 Rxh3 54.Kxh3 Kf5 55.Kg3 Ke4 56.Kg4 f6
57.Kg3 f5 58.Kg2 Kxf4 59.Kf2 Ke4 60.Ke2 Ke5  1/2-1/2

[Event "ch-UKR Girls u20"]
[Site "Odessa UKR"]
[Date "2008.03.12"]
[Round "8"]
[White "Chulivska,V"]
[Black "Maiko,A"]
[Result "1/2-1/2"]
[WhiteElo "2291"]
[BlackElo "2053"]

1.e4 e6 2.d4 d5 3.Nd2 Nc6 4.Ngf3 Nf6 5.e5 Nd7 6.Be2 f6 7.exf6 Qxf6 8.Nf1 Bd6
9.Ne3 O-O 10.O-O Qg6 11.c3 Ne7 12.a4 c6 13.b3 e5 14.dxe5 Nxe5 15.Ba3 Nxf3+
16.Bxf3 Bxa3 17.Rxa3 Nf5 18.Nxf5 Bxf5 19.Ra2 Qf6 20.Qc1 Rfe8 21.Re1 Qf7 22.Rae2 Rxe2
23.Rxe2 Re8 24.Qe1 Rxe2 25.Qxe2 Qe6 26.Qd2 Bc2 27.Bd1 Bxd1 28.Qxd1 Qe4 29.g3 h6
30.h4 a5 31.Kh2 b5 32.Kg1  1/2-1/2

[Event "TCh-HUN 2007-8"]
[Site "Budapest HUN"]
[Date "2008.03.16"]
[Round "8"]
[White "Petenyi,T"]
[Black "Toth,Li"]
[Result "1-0"]
[WhiteElo "2196"]
[BlackElo "2231"]

1.e4 e6 2.d4 d5 3.Nd2 Be7 4.Bd3 Nf6 5.e5 Nfd7 6.Ne2 c5 7.c3 Nc6 8.O-O cxd4
9.cxd4 O-O 10.Nf3 Qb6 11.b3 f6 12.exf6 Nxf6 13.Bg5 Bd6 14.Bh4 e5 15.dxe5 Nxe5
16.Nfd4 Nfg4 17.Bg3 Bd7 18.Rc1 Kh8 19.Bb1 Rae8 20.Qc2 g6 21.Rcd1 Nf6 22.Nf4 Bc5
23.Qb2 Kg8 24.h3 Bc8 25.Kh1 Nc6 26.Nf3 d4 27.Ng5 h6 28.Nf3 g5 29.Ng6 Rf7
30.Nge5 Nxe5 31.Nxe5 Rfe7 32.Qc2 Rxe5 33.Qg6+ Kf8 34.Bxe5 Rxe5 35.f4 Re6
36.fxg5 hxg5 37.Bf5 Be7 38.Bxe6 Qxe6 39.Rxd4 b6 40.Re4 Qf7 41.Qh6+ Ke8 42.Qxf6  1-0